000 00508nam a22001817a 4500
020 _a9788119443222
082 _aM301 07
_bUNN/C
100 _aUnnikrishnan A M
245 _aChithayum chidakasavum:
_bnaveenatha malayala cherukadhayil/
_cby Unnikrishnan A M
250 _a4th ed.
260 _aKozhikode:
_bPavanatma Publishers,
_c2024.
300 _a219p.
650 _aStories Malayalam Study
650 _aStories Malayalam
650 _aLiterature Malayalam
650 _aLiterature
942 _cBK
999 _c181987
_d181987